000 00868nam a2200253Ia 4500
003 OSt
005 20220923213244.0
006 a|||||r|||| 00| 0
007 ta
008 220922b |||||||| |||| 00| 0 hin d
024 _a160,246
037 _cTextual
040 _aARTS
_cARTS
_bhin
041 _2hin
_ahin
082 _aO152,3:g, L3
100 _aवार्ष्णेय, कुसुम
245 0 _aहिन्दी उपन्यासांे में नायक
246 _aHindī upanyāsāane mean nāyaka
260 _aइलाहाबाद
_b शोध साहित्य प्रकाशन
_c1973
300 _a250 पृ.
_ccm.
650 _aहिन्दी साहित्य
_9156264
942 _hO152,3:g, L3
_cTEXL
_2CC
999 _c314993
_d314993